000 01031cam a22002174a 4500
005 20250605164251.0
008 250528s ||||||||||||||||||||||||d
035 _a21738
020 _a9789602181775
040 _aGR-AtMCL
_bgre
_dGR-AtMCL
_eAACR2
245 1 _aΔΥΝΗΤΙΚΗ ΠΡΑΓΜΑΤΙΚΟΤΗΤΑ: Η ΦΙΛΟΣΟΦΙΑ ΤΟΥ ΠΟΛΙΤΙΣΜΟΥ ΚΑΙ ΤΟΥ ΚΥΒΕΡΝΟΧΩΡΟΥ
250 _a1
260 _bΚριτική,
_c1999
300 _a205
505 0 _aΤΙ ΕΙΝΑΙ Η ΔΥΝΗΤΙΚΟΠΟΙΗΣΗ Η ΔΥΝΗΤΙΚΟΠΟΙΗΣΗ ΤΟΥ ΣΩΜΑΤΟΣ Η ΔΥΝΗΤΙΚΟΠΟΙΗΣΗ ΤΟΥ ΚΕΙΜΕΝΟΥ Η ΔΥΝΗΤΙΚΟΠΟΙΗΣΗ ΤΗΣ ΟΙΚΟΝΟΜΙΑΣ
520 _aΤΙ ΕΙΝΑΙ Η ΔΥΝΗΤΙΚΟΠΟΙΗΣΗ Η ΔΥΝΗΤΙΚΟΠΟΙΗΣΗ ΤΟΥ ΣΩΜΑΤΟΣ Η ΔΥΝΗΤΙΚΟΠΟΙΗΣΗ ΤΟΥ ΚΕΙΜΕΝΟΥ Η ΔΥΝΗΤΙΚΟΠΟΙΗΣΗ ΤΗΣ ΟΙΚΟΝΟΜΙΑΣ
700 1 _aLevy Pierre
_97667
942 _cBK
999 _c6797
_d6797